Normal view
MARC view
Entry Personal Name
001 - CONTROL NUMBER
- control field: 7466
003 - CONTROL NUMBER IDENTIFIER
- control field: HDC
005 - DATE AND TIME OF LATEST TRANSACTION
- control field: 20230624073245.0
008 - FIXED-LENGTH DATA ELEMENTS
- fixed length control field: 210126|| aca||aabn | a|a d
040 ## - CATALOGING SOURCE
- Original cataloging agency: HDC
- Transcribing agency: HDC
100 ## - HEADING--PERSONAL NAME
- Personal name: Sathia Varqa, Sathia,
- Titles and other words associated with a name: Dr
670 ## - SOURCE DATA FOUND
- Source citation: Work cat.: (HDC): Sathia Varqa, Sathia, Dr. author, Essential Palm Oil Statistics 2017 / by, 2017
